LEADER 00845nam0-22002771i-450 001 990004818540403321 005 20180308164907.0 035 $a000481854 100 $a19990530g19739999km-y0itay50------ba 101 0 $aita 102 $aIT 105 $ay-------001yy 200 1 $aAspetti religiosi nella letteratura del 1400$fRemo L. Guidi 210 $aVicenza$cL.I.E.F.$d1973- 215 $a224 p.$d24 cm 327 0 $a4.: Cultura e vita nell'età umanistica. - 1976 610 0 $aLetteratura italiana$aSec. 15.$aAspetti religiosi 676 $a850.9003$v22 700 1$aGuidi,$bRemo L.$0167626 801 0$aIT$bUNINA$gRICA$2UNIMARC 901 $aBK 912 $a990004818540403321 952 $a850.9003 GUI 1(4)$bIst.f.m.29704$fFLFBC 959 $aFLFBC 996 $aAspetti religiosi nella letteratura del 1400$91506564 997 $aUNINA LEADER 01805nam 2200409 450 001 9910825388703321 005 20230809231045.0 010 $a1-5275-0525-1 035 $a(CKB)4100000001039993 035 $a(MiAaPQ)EBC5123769 035 $a(EXLCZ)994100000001039993 100 $a20171205h20172017 uy 0 101 0 $aeng 135 $aurcnu|||||||| 181 $2rdacontent 182 $2rdamedia 183 $2rdacarrier 200 10$aRethinking philosophers' responsibility /$fby Lydia Amir 210 1$aNewcastle upon Tyne, England :$cCambridge Scholars Publishing,$d2017. 210 4$d©2017 215 $a1 online resource (362 pages) $cillustrations 311 $a1-4438-9366-8 320 $aIncludes bibliographical references and index. 327 $tRethinking philosophers' responsibility --$tPsychologists on morality --$tPhilosophers on emotions --$tBusiness ethics and ecology : Spinoza's ethics in a global world --$tInequality and justice : the distant poor --$tThe woman condition : shame, disgust, and humor --$tMoral conflicts --$tThe value of dissatisfaction : maintaining the between desires and reason --$tRationality as passion : Plato's theory of love --$tImpersonal loves --$tIntellectual virtues --$tSkepticism, reason, and emotion --$tThe sense of proportion --$tHappiness as a means --$tA practical philosophy of vulnerability and fallibility. 606 $aPhilosophers 606 $aPhilosophers$xProfessional ethics 615 0$aPhilosophers. 615 0$aPhilosophers$xProfessional ethics. 676 $a109.2 700 $aAmir$b Lydia$0859260 801 0$bMiAaPQ 801 1$bMiAaPQ 801 2$bMiAaPQ 906 $aBOOK 912 $a9910825388703321 996 $aRethinking philosophers' responsibility$93951554 997 $aUNINA